|
|
|
|
| LEADER |
00000nam0a2200000 4500 |
| 001 |
84160 |
| 005 |
20260416114845.0 |
| 010 |
|
|
|a 5867121631
|
| 035 |
|
|
|a (RuTPU)RU\TPU\book\90477
|
| 090 |
|
|
|a 84160
|
| 100 |
|
|
|a 20051026d2005 m y0rusy50 ca
|
| 101 |
1 |
|
|a rus
|c eng
|
| 102 |
|
|
|a RU
|
| 105 |
|
|
|a ac z 001zb
|
| 200 |
1 |
|
|a Жизнь Антона Чехова
|e [18+]
|e [НЕЗАКОННОЕ ПОТРЕБЛЕНИЕ НАРКОТИЧЕСКИХ СРЕДСТВ, ПСИХОТРОПНЫХ ВЕЩЕСТВ, ИХ АНАЛОГОВ ПРИЧИНЯЕТ ВРЕД ЗДОРОВЬЮ, ИХ НЕЗАКОННЫЙ ОБОРОТ ЗАПРЕЩЁН И ВЛЕЧЕТ УСТАНОВЛЕННУЮ ЗАКОНОДАТЕЛЬСТВОМ ОТВЕТСТВЕННОСТЬ]
|e пер. с англ.
|f Д. Рейфилд
|
| 210 |
|
|
|a Москва
|c Независимая газета
|d 2005
|
| 215 |
|
|
|a 858 с.
|c ил.
|
| 225 |
1 |
|
|a Биографии
|
| 320 |
|
|
|a Именной указатель: с. 825-858.
|
| 330 |
|
|
|a Книга представляет собой исчерпывающе полное жизнеописание Антона Павловича Чехова. Уже несколько лет известная англоязычному читателю, а теперь впервые выходящая по-русски, эта биография, написанная легко и непринужденно и в то же время академично, является по сути настоящей сенсацией. Из не издаваемых и стыдливо замалчиваемых в советскую эпоху документов, известных только узкому кругу архивистов, из семейной переписки, из воспоминаний чеховских родственников, коллег, любимых женщин, друзей и врагов возникает совершенно другой, неизвестный до сих пор Чехов.
|
| 600 |
|
1 |
|a Чехов
|g Антон Павлович
|b А. П.
|c русский писатель
|f 1860-1904
|2 stltpui
|3 (RuTPU)RU\TPU\pers\1035
|
| 606 |
|
|
|a Русская литература, дореволюционная
|x История и критика
|9 50315
|
| 606 |
|
|
|a Английская литература
|9 52454
|
| 610 |
1 |
|
|a русская литература
|
| 610 |
1 |
|
|a писатели русские
|
| 610 |
1 |
|
|a 19 век
|
| 610 |
1 |
|
|a 20 век
|
| 610 |
1 |
|
|a жизнеописание
|
| 675 |
|
|
|a 8Р1(092)
|v 3
|
| 675 |
|
|
|a 82
|v 4
|
| 700 |
|
1 |
|a Рейфилд
|b Д.
|g Дональд
|
| 801 |
|
1 |
|a RU
|b 63413507
|c 20051026
|g PSBO
|
| 801 |
|
2 |
|a RU
|b 63413507
|c 20060419
|g PSBO
|
| 830 |
|
|
|a *изданиеподлежащеемаркировке
|
| 942 |
|
|
|c BK
|